Impacto socio-económico de la agroindustria en Costa Rica /

Guardado en:
Bibliografiske detaljer
Hovedforfatter: León Núñez, Carmen Violeta
Andre forfattere: Quirós Martín, Teresa, Vásquez Berrios, Rodolfo
Format: Texto
Udgivet: San José :
Tags: Tilføj Tag
Ingen Tags, Vær først til at tagge denne postø!

MARC

LEADER 00000 a a2200000 04500
001 17990
003
040 |a CRAI/IIS  |c CRAI/IIS 
090 |a 006600  
100 |a León Núñez, Carmen Violeta  
245 |a Impacto socio-económico de la agroindustria en Costa Rica /  |c Carmen Violeta León Núñez 
260 |a San José :  
300 |a 12 p.  
700 |a Quirós Martín, Teresa  
700 |a Vásquez Berrios, Rodolfo  
999 |c 6531  |d 6531